书目信息 |
| 题名: |
吃掉IT大象
|
|
| 作者: | 霍普金斯 , 詹金斯 著 ;赵俐 , 盛海艳 , 贺西玲 译 | |
| 分册: | ||
| 出版信息: | 北京 机械工业出版社 2009.09 |
|
| 页数: | 163页 | |
| 开本: | 24cm | |
| 丛书名: | ||
| 单 册: | ||
| 中图分类: | F224.5 | |
| 科图分类: | ||
| 主题词: | 项目管理--应用软件 , 经济--计算 , 经济数学--方法 | |
| 电子资源: | ||
| ISBN: | 978-7-111-25521-5 | |
| 000 | 01321nam0 2200325 450 | |
| 001 | 012009606328 | |
| 005 | 20100809100138.35 | |
| 010 | @a978-7-111-25521-5@dCNY39.00 | |
| 100 | @a20100515d2009 em y0chiy0110 ea | |
| 101 | 1 | @achi@ceng |
| 102 | @aCN@b110000 | |
| 105 | @aa z 000yy | |
| 200 | 1 | @a吃掉IT大象@Achi diao IT da xiang@d=Eating the IT elephant:Moving from greenfield development to brownfield@e从绿海到棕海@f(英) Richard Hopkins, Kevin Jenkins著@F(ying)Richard Hopkins,Kevin Jenkins zhu@g盛海艳, 贺西玲, 赵俐等译@zeng |
| 210 | @a北京@c机械工业出版社@d2009.09 | |
| 215 | @a163页@c图@d24cm | |
| 312 | @a英文原名:取自版权页 | |
| 330 | @a本书揭示了为什么日益增加的业务和IT复杂性是大规模项目失败的根本原因,介绍了如何克服“一口一口吃掉大象”的复杂性。 | |
| 500 | 10 | @aEating the IT elephant:Moving from greenfield development to brownfield@mChinese |
| 517 | 1 | @a从绿海到棕海@Acong lu hai dao zong hai |
| 606 | 0 | @a项目管理@x应用软件 |
| 606 | 0 | @a经济@x计算 |
| 606 | 0 | @a经济数学@x方法 |
| 690 | @aF224.5@v4 | |
| 701 | 1 | @a霍普金斯@Ahuo pu jin si@g(Hopkins, Richard)@4著 |
| 701 | 1 | @a詹金斯@Azhan jin si@g(Jenkins, Kevin)@4著 |
| 702 | 0 | @a赵俐@Azhao li@4译 |
| 702 | 0 | @a盛海艳@Asheng hai yan@4译 |
| 702 | 0 | @a贺西玲@Ahe xi ling@4译 |
| 801 | 0 | @aCN@c20100515 |
| 905 | @dF224.5@eH970@f5 | |
| 吃掉IT大象=Eating the IT elephant:Moving from greenfield development to brownfield:从绿海到棕海/(英) Richard Hopkins, Kevin Jenkins著/盛海艳, 贺西玲, 赵俐等译.-北京:机械工业出版社,2009.09 |
| 163页:图;24cm |
| ISBN 978-7-111-25521-5:CNY39.00 |
| 本书揭示了为什么日益增加的业务和IT复杂性是大规模项目失败的根本原因,介绍了如何克服“一口一口吃掉大象”的复杂性。 |
| ● |
| 相关链接 |
|
|
|
正题名:吃掉IT大象
索取号:F224.5/H970
 
预约/预借
| 序号 | 登录号 | 条形码 | 馆藏地/架位号 | 状态 | 备注 |
| 1 | 1020091 | 210200913 | 社科库409/409社科库 73排3列1层/ [索取号:F224.5/H970] | 在馆 | |
| 2 | 1020092 | 210200922 | 社科库409/409社科库 73排3列1层/ [索取号:F224.5/H970] | 在馆 | |
| 3 | 1020093 | 210200931 | 社科库409/409社科库 73排3列1层/ [索取号:F224.5/H970] | 在馆 | |
| 4 | 1020094 | 210200940 | 社科库409/409社科库 73排3列1层/ [索取号:F224.5/H970] | 在馆 | |
| 5 | 1020095 | 210200959 | 社科库409/409社科库 73排3列1层/ [索取号:F224.5/H970] | 在馆 |